000
00255nam a2200097Ia 4500
001
660470
005
20250826160114.0
008
250824s9999 xx 000 0 und d
245
0
_a
KUMARBAZ ANTİK YENİ
_c
DOSTOYEVSKİ
260
_b
ANTİK DÜNYA KLASİKLERİ
999
_c
660470
_d
660470